000 00713nam a2200241 i 4500
001 16479
003 ES-MaACL
005 20250717063019.0
007 t|
008 000929s1993 sp ||||1| spa d
020 _a84-87524-49-4
080 _a821.113.6-23"19"
080 _a821.134.2-23"19"
100 1 _aSastre, Alfonso,
_d1926-
_9103915
245 1 4 _aLos acreedores
_b: drama de August Strindberg /
_cversión libre de Alfonso Sastre.
260 _aHondarribia :
_bHiru,
_c[1993]
300 _a102 p. ;
_c18 cm.
490 1 _aTeatro ;
_v31
700 1 _aStrindberg, August.
_9108433
830 0 _aTeatro ;
_v31
_9178026
852 _aES-MaACL
_jL-23747
_bR.128747
999 _c16479
_d16479